Déterminants de matrices 2x2 aléatoires - Statistiques

Statistiques générales
  • Ce quiz a été pris 91 fois
    22 depuis la dernière actualisation
  • Le résultat moyen est 5 sur 20
Statistiques - réponses
Par images Réponse % Correct
21
80%
6
75%
89
67%
5
60%
2
50%
25
50%
48
50%
6
50%
88
50%
9
44%
42
43%
18
40%
2
38%
24
38%
48
38%
20
33%
41
33%
0
29%
7
29%
14
25%
28
25%
33
25%
10
20%
26
20%
30
20%
34
20%
36
20%
49
20%
59
20%
69
20%
80
20%
9
20%
13
17%
2
17%
9
17%
9
17%
15
14%
19
14%
30
11%
42
10%
20
0%
24
0%
27
0%
30
0%
39
0%
4
0%
40
0%
5
0%
60
0%
66
0%
Aucun quiz correspondant
Distribution des résultats
% des personnes avec chaque résultat
Percentile par nombre de réponses
Votre historique - résultats
Vous n’avez pas pris ce quiz depuis la dernière actualisation